Health and fitness professionals : a practical career guidance / Kezia Endsley. (Record no. 22235)
| 000 -LEADER | |
|---|---|
| fixed length control field | 00517nam a22001457a 4500 |
| 020 ## - INTERNATIONAL STANDARD BOOK NUMBER | |
| ISBN | 9781538111840 |
| 082 ## - DEWEY DECIMAL CLASSIFICATION NUMBER | |
| Classification number | 610.73 |
| Item number | En56 2019 |
| 100 ## - MAIN ENTRY--AUTHOR NAME | |
| Personal name | Endsley, Kezia,. author. |
| 245 ## - TITLE STATEMENT | |
| Title | Health and fitness professionals : a practical career guidance / Kezia Endsley. |
| 260 ## - PUBLICATION, DISTRIBUTION, ETC. (IMPRINT) | |
| Place of publication | Lanham : |
| Name of publisher | Rowman & Littlefield, |
| Year of publication | c2019. |
| 300 ## - PHYSICAL DESCRIPTION | |
| Number of Pages | 1 online resource (unpaged) : |
| Other physical details | illustrations (some color). |
| 500 ## - GENERAL NOTE | |
| General note | includes bibliographic references. |
| 650 ## - SUBJECT ADDED ENTRY--TOPICAL TERM | |
| Topical Term | Health and Fitness -- Career Guidance. |
| 942 ## - ADDED ENTRY ELEMENTS (KOHA) | |
| Koha item type | Electronic Books |
| Source of acquisition | Permanent Location | Date acquired | Collection code | Koha item type | Lost status | Shelving location | Withdrawn status | Current Location | Full call number |
|---|---|---|---|---|---|---|---|---|---|
| Donation | Cagayan State University - Carig Library | 2026-04-14 | E-Books | Electronic Books | E-Resource Section | Cagayan State University - Carig Library | 610.73 En56 2019 |